مكتبة جامعة عجلون الوطنية

فهرس بحث المكتبة

Normal view MARC view
  • السامرائي، فراس سليم

Entry Personal Name

Number of records used in: 1

001 - CONTROL NUMBER

  • control field: 60724

003 - CONTROL NUMBER IDENTIFIER

  • control field: JO-AjAnu

005 - DATE AND TIME OF LATEST TRANSACTION

  • control field: 20230606083926.0

008 - FIXED-LENGTH DATA ELEMENTS

  • fixed length control field: 230606|| aca||aabn | a|a d

040 ## - CATALOGING SOURCE

  • Original cataloging agency: JO-AjAnu
  • Transcribing agency: JO-AjAnu

100 ## - HEADING--PERSONAL NAME

  • Personal name: السامرائي، فراس سليم

670 ## - SOURCE DATA FOUND

  • Source citation: Work cat.: (JO-AjAnu)30966: السامرائي، فراس سليم, author, تاريخ المسلمون السياسي والحضاري في بلاد الاندلس(91-897هـ/710-1492مـ)